|
|
|
|
| LEADER |
00000nam a2200000 i 4500 |
| 001 |
DIGUPAMP0042 |
| 003 |
NyNyDIG |
| 007 |
cr ||||||||||| |
| 008 |
240201s2023 ck a o 000 j spa d |
| 006 |
m o d |
| 035 |
|
|
|a (OCoLC)1422055642
|
| 040 |
|
|
|a DGITA
|b eng
|e rda
|e pn
|c DGITA
|
| 020 |
|
|
|z 9786287656109
|
| 050 |
1 |
4 |
|a PQ7392.C225 ebook
|
| 100 |
1 |
|
|a Calderón Casamayor, Rafael C.,
|e author.
|
| 245 |
1 |
0 |
|a Del Pataki al cuento /
|c Rafael C. Calderón Casamayor.
|
| 264 |
|
1 |
|a Pamplona, Norte de Santander, Colombia :
|b Sello Editorial Unipamplona,
|c [2023]
|
| 300 |
|
|
|a 1 online resource :
|b illustrations.
|
| 336 |
|
|
|a text
|b txt
|2 rdacontent
|
| 337 |
|
|
|a computer
|b c
|2 rdamedia
|
| 338 |
|
|
|a online resource
|b cr
|2 rdacarrier
|
| 347 |
|
|
|a text file
|2 rdaft
|
| 347 |
|
|
|b PDF
|
| 490 |
1 |
|
|a Colección Artes
|
| 588 |
0 |
|
|a Online resource; title from PDF title page (Digitalia, viewed February 1, 2024)
|
| 655 |
|
7 |
|a Short stories.
|2 lcgft
|
| 791 |
2 |
|
|a Digitalia (Firm),
|e distributor.
|
| 793 |
0 |
|
|g Digitalia eBook Collection:
|a Universidad de Pamplona
|
| 776 |
0 |
8 |
|i Print version:
|a Calderón Casamayor, Rafael C.
|t Del Pataki al cuento.
|b Primera edición.
|d Pamplona, Norte de Santander, Colombia : Sello Editorial Unipamplona, [2023]
|z 9786287656109
|
| 830 |
|
0 |
|a Colección Artes (Universidad de Pamplona)
|
| 856 |
4 |
0 |
|3 Digitalia Hispánica
|u https://www.digitaliapublishing.com/a/131135/
|
| 910 |
|
|
|a Premium collection: 2024
|